Države Afrike - Statistics

General Stats
  • This quiz has been taken 650 times
    646 since last reset
  • The average score is 32 of 54
Answer Stats
Država % Correct
Alžir
88%
Egipat
88%
Niger
86%
Nigerija
84%
Južna Afrika
83%
Maroko
83%
DR Kongo
82%
Republika Kongo
80%
Madagaskar
79%
Sudan
75%
Tunis
73%
Mali
72%
Etiopija
71%
Libija
71%
Zimbabve
71%
Angola
70%
Čad
70%
Somalija
69%
Gana
67%
Južni Sudan
67%
Zambija
67%
Gvineja
65%
Kenija
65%
Bocvana
63%
Mozambik
58%
Senegal
57%
Eritreja
56%
Tanzanija
56%
Uganda
56%
Kamerun
55%
Namibija
55%
Ruanda
54%
Mauritanija
53%
Burkina Faso
52%
Togo
52%
Benin
51%
Liberija
49%
Mauricijus
49%
Lesoto
48%
Malavi
48%
Sejšeli
47%
Džibuti
46%
Ekvatorijalna Gvineja
45%
Gabon
45%
Burundi
44%
Centralnoafrička Republika
44%
Gambija
44%
Obala Slonovače
42%
Sijera Leone
42%
Gvineja Bisao
40%
Zelenortska Ostrva
35%
Komori
34%
Sao Tome i Principe
25%
Svazilend
24%
No matching quizzes found
Score Distribution
Percent of People with Each Score
Percentile by Number Answered
Your Score History
You have not taken this quiz since the last reset